000 00538nam a2200181 a 4500
001 001064963
003 AM-YeHGA
005 20250617151142.0
008 150311s1981 ||| r 000 0 rus d
040 _aAM-YeHGA
041 0 _arus
100 1 _aМедынский, Григорий Александрович
245 1 0 _aЧесть :
_bПовесть /
_cГригорий Медынский.
260 _aЛ :
_bЛениздат,
_c1981.
300 _a400 с.
650 1 4 _aРусская литература
090 _c347697
999 _c345896
_d345896